Villes traversées par l'autoroute A54 - Statistiques

Statistiques générales
  • Ce quiz a été pris 14 fois
  • Le résultat moyen est 5 sur 6
Statistiques - réponses
ville population kilomètre % Correct
Arles 49 215 31
100%
Nîmes (A9) 146 775 0
100%
Salon-de-Provence (A7) 44 731 71
92%
Saint-Gilles 14 696 17
67%
Saint-Martin-de-Crau 13 770 48
58%
Miramas 26 803 63
42%
Aucun quiz correspondant
Distribution des résultats
% des personnes avec chaque résultat
Percentile par nombre de réponses
Votre historique - résultats
Vous n’avez pas pris ce quiz